[Event "Let's Play Chess!"]
[Site "http://www.queenalice.com/game.php?id=1550730"]
[Date "2018.11.26"]
[Round "-"]
[White "igorjava"]
[Black "michas"]
[Result "1-0"]
[WhiteElo "1980"]
[BlackElo "1729"]

1. e4 c5 2. Nf3 e6 3. d4 cxd4 4. Nxd4 Nc6 5. Bc4 Nxd4 6. Qxd4 Ne7 7. Bg5 Qa5+ 8.
Bd2 Qc7 9. O-O Nc6 10. Qe3 Nb4 11. Bxb4 Bxb4 12. Bb3 O-O 13. c3 Bc5 14. Qe2 b6
15. Kh1 Bd6 16. g3 Bb7 17. Nd2 Qc8 18. f3 Ba6 19. c4 Bc5 20. Rac1 Bb7 21. a3 d5
22. cxd5 exd5 23. Bxd5 Ba6 24. Bc4 Bb7 25. b4 Bc6 26. bxc5 bxc5 27. Nb3 Ba4 28.
Qe3 Rb8 29. Nxc5 Qc6 30. Bd5 Qe8 31. Nxa4 Qxa4 32. Rb1 Rbc8 33. Rfc1 Rcd8 34.
Rb4 Qa5 35. Rb7 Qxa3 36. Qxa3 Rde8 37. Rcc7 Ra8 38. Rxa7 Rad8 39. Rxf7 Rfe8 40.
Rf8# 1-0

[Event "Let's Play Chess!"]
[Site "http://www.queenalice.com/game.php?id=1550731"]
[Date "2018.11.26"]
[Round "-"]
[White "michas"]
[Black "igorjava"]
[Result "0-1"]
[WhiteElo "1723"]
[BlackElo "1990"]

1. d3 d5 2. Nf3 c5 3. g3 Nc6 4. Bg2 e5 5. O-O Nf6 6. Bg5 Be7 7. Nbd2 h6 8. Bxf6
Bxf6 9. Nb3 b6 10. e4 d4 11. Nfd2 O-O 12. f4 Bd7 13. fxe5 Nxe5 14. Qe2 Rb8 15.
Nf3 Ng4 16. h3 Ne3 17. Rfe1 Qc8 18. Kh2 Be7 19. Nbd2 f6 20. c3 Nc2 21. Rac1 Nxe1
22. Nxe1 dxc3 23. Rxc3 Bd6 24. Nc4 Bc7 25. Nf3 Qb7 26. d4 Rbe8 27. Nfd2 Qb8 28.
Nf1 Bb5 29. d5 f5 30. Re3 f4 31. Rb3 fxg3+ 32. Nxg3 Ba4 33. Rf3 Bb5 34. b3 Re7
35. Ne3 Bxe2 36. Rxf8+ Kxf8 37. Nf5 Rf7 38. h4 Bf4 39. Kh3 Bd3 40. Kg4 g6 41.
Nxh6 Bxg3 42. Nxf7 Kxf7 0-1

[Event "Let's Play Chess!"]
[Site "http://www.queenalice.com/game.php?id=1551007"]
[Date "2018.11.28"]
[Round "-"]
[White "igorjava"]
[Black "michas"]
[Result "1-0"]
[WhiteElo "1931"]
[BlackElo "1704"]

1. e4 b6 2. d4 Bb7 3. d5 Nf6 4. Bd3 e6 5. c4 Bb4+ 6. Nc3 exd5 7. cxd5 O-O 8. Ne2
d6 9. O-O Nfd7 10. a3 Bc5 11. b4 Bxf2+ 12. Rxf2 Ne5 13. Bc2 Nbd7 14. Ng3 Nf6 15.
Bg5 Ned7 16. Nh5 h6 17. Bxf6 Nxf6 18. Nxf6+ gxf6 19. Qh5 Kg7 20. Raf1 Rh8 21.
Rxf6 Qe8 22. Rxf7+ Kg8 23. Qg6# 1-0

[Event "Let's Play Chess!"]
[Site "http://www.queenalice.com/game.php?id=1551008"]
[Date "2018.11.28"]
[Round "-"]
[White "michas"]
[Black "igorjava"]
[Result "0-1"]
[WhiteElo "1758"]
[BlackElo "1978"]

1. Nf3 d5 2. g3 Nf6 3. Bg2 Nc6 4. O-O e5 5. d3 Bg4 6. h3 Be6 7. Bg5 Be7 8. Nc3
h6 9. Bd2 O-O 10. e3 Qd7 11. Re1 Bxh3 12. Kh2 Bxg2 13. Kxg2 a6 14. a3 Nh7 15.
Qc1 f5 16. Rh1 d4 17. Ne2 dxe3 18. fxe3 e4 19. dxe4 fxe4 20. Nfd4 Nxd4 21. Nxd4
c5 22. Nb3 Rf3 23. Qd1 Qg4 24. Qe1 Raf8 25. Nc1 Rf2+ 26. Qxf2 Rxf2+ 27. Kxf2
Qf3+ 28. Ke1 Qxh1+ 29. Kf2 Qf3+ 30. Kg1 Qxg3+ 31. Kf1 Qf3+ 32. Kg1 Ng5 33. Nb3
Nh3+ 34. Kh2 Bd6# 0-1

[Event "Challenge"]
[Site "http://www.queenalice.com/game.php?id=1551134"]
[Date "2018.11.29"]
[Round "-"]
[White "Bigchess"]
[Black "michas"]
[Result "0-1"]
[WhiteElo "1797"]
[BlackElo "1741"]

1. e4 g5 2. d4 e6 3. Bd3 Bg7 4. Nf3 g4 5. Ne5 h5 6. Nc3 d6 7. Nxg4 hxg4 8. Qxg4
Bxd4 9. Bd2 Nc6 10. Be3 Nf6 11. Qg3 Rg8 12. Qf3 e5 13. Qd1 Bxe3 14. fxe3 Rxg2
15. Be2 Nxe4 16. Nxe4 Qh4+ 17. Ng3 Rxh2 18. Rxh2 Qxh2 19. Kd2 Qxg3 20. a4 Bf5
21. Qf1 Ne7 22. Qh1 O-O-O 23. a5 Be6 24. a6 c6 25. axb7+ Kxb7 26. b3 Qg6 27. Qh2
Qe4 28. Ra4 Qd5+ 29. Kc1 Rg8 30. Qf2 c5 31. Qe1 Nc6 32. Qc3 Rg1+ 33. Kb2 Qh1 34.
Qd3 Rb1+ 35. Kc3 d5 36. Qa6+ Kc7 37. Qd3 d4+ 38. exd4 cxd4+ 39. Rxd4 exd4+ 40.
Kd2 Qe1# 0-1

[Event "Challenge"]
[Site "http://www.queenalice.com/game.php?id=1551135"]
[Date "2018.11.29"]
[Round "-"]
[White "michas"]
[Black "Bigchess"]
[Result "1/2-1/2"]
[WhiteElo "1720"]
[BlackElo "1698"]

1. h4 e5 2. h5 d5 3. h6 Nxh6 4. d4 exd4 5. Bxh6 gxh6 6. Qxd4 Rg8 7. Qh4 Qxh4 8.
Rxh4 Bg7 9. c3 Be6 10. g3 Nc6 11. Nf3 O-O-O 12. e3 Kb8 13. Nbd2 a6 14. Nb3 Bf5
15. Nbd4 Be4 16. Nxc6+ bxc6 17. Nd4 Kb7 18. Nb3 Bf3 19. Rb4+ Kc8 20. Bxa6+ Kd7
21. Nc5+ Ke7 22. Bd3 Rb8 23. Bxh7 Rxb4 24. cxb4 Rb8 25. Nd3 Be4 26. Bxe4 dxe4
27. Nc5 Rxb4 28. Nb3 Bxb2 29. Rb1 Bc3+ 30. Kf1 Be5 31. a3 Ra4 32. Rc1 Rxa3 33.
Nd4 Bxd4 34. exd4 Ra6 35. Rd1 Ke6 36. Kg2 f5 37. Kh3 Kf6 38. Rd2 Ra3 39. Rc2 Ra6
40. Kh4 Kg6 41. Kh3 h5 42. Kh4 Rb6 43. Rd2 Rb1 44. Kh3 Kg5 45. Rc2 Rd1 46. Rxc6
Rxd4 47. Rxc7 Rd3 48. Rg7+ Kh6 49. Rg8 Rf3 50. Rh8+ Kg6 51. Rg8+ Kh6 52. Rh8+
Kg6 53. Rg8+ 1/2-1/2

[Event " Tribuna da Massa "]
[Site "http://www.queenalice.com/game.php?id=1551284"]
[Date "2018.12.1"]
[Round "-"]
[White "zubarev"]
[Black "michas"]
[Result "1-0"]
[WhiteElo "1824"]
[BlackElo "1706"]

1. d4 e5 2. dxe5 Nc6 3. Nf3 Qe7 4. e3 Nxe5 5. Nxe5 Qxe5 6. Bd3 Nf6 7. O-O Bd6 8.
f4 Qh5 9. Qxh5 Nxh5 10. Nd2 O-O 11. Nf3 b6 12. Ng5 h6 13. Nf3 Bb7 14. Bd2 Rae8
15. Rae1 f5 16. h3 g6 17. a3 Ng3 18. Rf2 Ne4 19. Bxe4 Bxe4 20. Bc3 c5 21. Nh4 g5
22. fxg5 hxg5 23. Ng6 Rf7 24. Rd1 f4 25. exf4 Bxg6 26. Rxd6 Ref8 27. Rxg6+ Kh7
28. Rxg5 Rxf4 29. Rxf4 Rxf4 30. Rg7+ Kh6 31. Rxd7 a5 32. Bd2 b5 33. Bxf4+ Kh5
34. Rd5+ Kh4 35. Rxc5 b4 36. Rxa5 bxa3 37. Rxa3 Kh5 38. Bh2 1-0

[Event "Eny Ferreira "]
[Site "http://www.queenalice.com/game.php?id=1551286"]
[Date "2018.12.1"]
[Round "-"]
[White "michas"]
[Black "zubarev"]
[Result "1-0"]
[WhiteElo "1707"]
[BlackElo "1507"]

1. Nf3 Nf6 2. c4 e6 3. Nc3 Nc6 4. e4 e5 5. d4 exd4 6. Nxd4 Be7 7. Bf4 Nxd4 8.
Qxd4 O-O 9. Bd3 d6 10. e5 dxe5 11. Bxe5 Qxd4 12. Bxd4 Be6 13. O-O-O Rad8 14. Be3
Ng4 15. h3 Nf6 16. Be2 Rxd1+ 17. Rxd1 Rd8 18. Rxd8+ Bxd8 19. Bf3 c6 20. Ne4 Nxe4
21. Bxe4 Bxc4 22. b3 Be6 23. Bf4 Bb6 24. Bg3 f6 25. Kc2 h6 26. f4 Kf7 27. Be1 f5
28. Bf3 g6 29. Bc3 h5 30. g4 fxg4 31. hxg4 Bxg4 32. Bg2 Ke6 33. Kd3 Bf5+ 34. Kd2
Bg4 35. Kd3 Bf5+ 36. Ke2 Bc5 37. b4 1-0

[Event "Challenge"]
[Site "http://www.queenalice.com/game.php?id=1551612"]
[Date "2018.12.3"]
[Round "-"]
[White "Bigchess"]
[Black "michas"]
[Result "1/2-1/2"]
[WhiteElo "1716"]
[BlackElo "1702"]

1. e4 Nf6 2. d3 e5 3. Nf3 Nc6 4. Nc3 Bc5 5. Be2 Ng4 6. O-O O-O 7. Nd5 Nf6 8. Bg5
Be7 9. Nxe7+ Qxe7 10. c3 h6 11. Be3 b6 12. a3 Ng4 13. b4 Nxe3 14. fxe3 Bb7 15.
b5 Na5 16. a4 c6 17. c4 cxb5 18. axb5 Rfc8 19. Qd2 d6 20. Rfc1 Nb3 21. Qc3 Nxa1
22. Rxa1 f6 23. Qb4 Rc5 24. Nh4 Qf7 25. Nf5 Qe6 26. d4 exd4 27. exd4 Rc7 28.
Qxd6 Qxe4 29. Bf3 Qxf5 30. Qxc7 Bxf3 31. gxf3 Qxf3 32. Qg3 Qxg3+ 33. hxg3 Rc8
34. Rxa7 Rxc4 35. Rb7 Rxd4 36. Rxb6 Rd1+ 37. Kf2 Rd2+ 38. Kf3 Rd3+ 39. Kf2 Rd2+
40. Kf3 Rd3+ 41. Kf2 Rd2+ 1/2-1/2

[Event "Challenge"]
[Site "http://www.queenalice.com/game.php?id=1551613"]
[Date "2018.12.3"]
[Round "-"]
[White "michas"]
[Black "Bigchess"]
[Result "0-1"]
[WhiteElo "1719"]
[BlackElo "1699"]

1. e4 e5 2. Nf3 d6 3. Bc4 Be7 4. d4 exd4 5. Qxd4 Nf6 6. Ng5 O-O 7. Nc3 c5 8. Qe3
Nc6 9. O-O Bg4 10. h3 Bh5 11. g4 Bg6 12. f4 h6 13. Nf3 a6 14. e5 dxe5 15. Nxe5
Nxe5 16. fxe5 Nxg4 17. hxg4 Bxc2 18. Nd5 Bg6 19. Nxe7+ Qxe7 20. g5 h5 21. Bd2 b5
22. Bd5 Rad8 23. Bg2 Rfe8 24. Bc6 c4 25. Bxe8 Qxe8 26. Rae1 Qe6 27. Qg3 Rxd2 28.
Rf2 Rd4 29. Rg2 Rg4 30. Qh2 Qb6+ 31. Kh1 Be4 32. Rxe4 Rxe4 33. Qxh5 Re1+ 34. Kh2
Qe3 35. g6 Qf4+ 36. Kh3 Rh1+ 37. Rh2 Rxh2# 0-1

[Event " Manoela Rodrigues"]
[Site "http://www.queenalice.com/game.php?id=1551623"]
[Date "2018.12.3"]
[Round "-"]
[White "zubarev"]
[Black "michas"]
[Result "1-0"]
[WhiteElo "1848"]
[BlackElo "1695"]

1. d4 e5 2. dxe5 Nc6 3. Nc3 Nxe5 4. e4 Bb4 5. Bd2 Nf6 6. Bd3 Nxd3+ 7. cxd3 d6 8.
Nf3 O-O 9. O-O Bg4 10. h3 Bh5 11. a3 Ba5 12. Qb3 Bb6 13. Bg5 Bxf3 14. gxf3 h6
15. Bh4 g5 16. Bg3 a6 17. Rac1 Nd7 18. Nd5 Nc5 19. Qc3 Rc8 20. Nf6+ Kg7 21. Nd7+
Kg6 22. Nxf8+ Qxf8 23. e5 dxe5 24. Bxe5 Ne6 25. Bh2 f5 26. Rfe1 Qc5 27. Rxe6+
Kh5 28. Qxc5 Bxc5 29. Rxc5 b6 30. Rxb6 f4 31. Rxa6 c6 32. Rcxc6 Rb8 33. Rxh6#
1-0

[Event "Challenge"]
[Site "http://www.queenalice.com/game.php?id=1551657"]
[Date "2018.12.3"]
[Round "-"]
[White "Bigchess"]
[Black "michas"]
[Result "1-0"]
[WhiteElo "1862"]
[BlackElo "1687"]

1. e4 g6 2. d4 c5 3. Nf3 b6 4. d5 d6 5. c4 Nf6 6. Bd3 Bg7 7. Nc3 Bg4 8. Be3 O-O
9. h3 Bc8 10. Qe2 Nbd7 11. a3 Ne5 12. Nxe5 dxe5 13. Bg5 h6 14. Bh4 Bb7 15. Bg3
e6 16. Bxe5 exd5 17. Nxd5 Nxd5 18. Bxg7 Kxg7 19. cxd5 Re8 20. Qc2 f5 21. O-O
fxe4 22. Bxe4 Bxd5 23. Bxg6 Re6 24. Bf5 Rd6 25. Qc3+ Kf7 26. Qg3 Qf6 27. Bg4
Qxb2 28. Qxd6 Bc4 29. Qc7+ Kg6 30. f4 Qd4+ 31. Kh1 Bxf1 32. Rxf1 h5 33. Qc6+ Kg7
34. Qxa8 hxg4 35. Qxa7+ Kg8 36. Qb8+ Kg7 37. Qc7+ Kg8 38. Qc8+ Kh7 39. Qxg4 Qd3
40. Qf3 Qd7 41. g4 c4 42. Qe4+ Kg7 43. Qxc4 Qb7+ 44. Kh2 b5 45. Qc3+ Kg8 46. f5
Qb8+ 47. Qg3 Qf8 48. h4 Qe8 49. Kh3 Qe2 50. Qf3 Qb2 51. g5 Qe5 52. g6 Qf6 53.
Qa8+ Kg7 54. Qf3 Kg8 55. Qd5+ Kg7 56. Qf7+ 1-0

[Event "Challenge"]
[Site "http://www.queenalice.com/game.php?id=1551658"]
[Date "2018.12.3"]
[Round "-"]
[White "michas"]
[Black "Bigchess"]
[Result "0-1"]
[WhiteElo "1697"]
[BlackElo "1852"]

1. Nc3 e5 2. e4 d6 3. Bc4 Nf6 4. d4 exd4 5. Qxd4 Be7 6. Nf3 O-O 7. Bf4 Nc6 8.
Qe3 Bg4 9. O-O Bh5 10. h3 a6 11. Bb3 Na5 12. Nd5 Nxb3 13. Nxe7+ Qxe7 14. axb3
Qxe4 15. Qd2 Bxf3 16. gxf3 Qxf3 17. Kh2 Ne4 18. Qe3 Qxe3 19. Bxe3 f5 20. c4 Rae8
21. Rg1 Rf7 22. f3 Nf6 23. Bd4 Re2+ 24. Rg2 Rxg2+ 25. Kxg2 Nd7 26. f4 Re7 27.
Ra2 Nc5 28. b4 Ne4 29. Ra1 Kf7 30. b3 Nd2 31. Ra3 Re2+ 32. Kg3 h6 33. b5 axb5
34. cxb5 Re4 35. Bf2 Nf1+ 36. Kg2 Nd2 37. Bg3 Re3 38. b4 Rxa3 39. Be1 Ra2 40.
Kg3 Nf1+ 41. Kf3 d5 42. b6 cxb6 43. b5 Nd2+ 44. Ke3 Ne4 45. h4 Rb2 46. Kd4 Rxb5
47. Ke5 g6 48. Kd4 Ke6 49. Kd3 h5 50. Ke3 Rc5 51. Bb4 Rc4 52. Kd3 Rxb4 0-1

[Event "Tony Little Produções"]
[Site "http://www.queenalice.com/game.php?id=1551820"]
[Date "2018.12.4"]
[Round "-"]
[White "zubarev"]
[Black "michas"]
[Result "0-1"]
[WhiteElo "1516"]
[BlackElo "1698"]

1. d4 e5 2. dxe5 Nc6 3. Nf3 Qe7 4. e3 Nxe5 5. Nxe5 Qxe5 6. Bd3 d5 7. O-O Bd6 8.
f4 Qf6 9. Nc3 c6 10. Qf3 Bf5 11. Bxf5 Qxf5 12. Qf2 Nf6 13. Bd2 Qxc2 14. Bc1
Qxf2+ 15. Rxf2 Ng4 16. Rf3 O-O 17. Ne2 Rae8 18. Rg3 f5 19. h3 Nf6 20. Nd4 Ne4
21. b3 c5 0-1

[Event "Challenge"]
[Site "http://www.queenalice.com/game.php?id=1552408"]
[Date "2018.12.9"]
[Round "-"]
[White "WLAO"]
[Black "michas"]
[Result "1-0"]
[WhiteElo "1610"]
[BlackElo "1751"]

1. b3 b6 2. e4 Bb7 3. d3 e5 4. Nf3 Nc6 5. Bb2 d6 6. Qd2 Be7 7. g3 Qd7 8. Bg2 Nf6
9. Ng5 O-O 10. Bh3 Qd8 11. Bf5 h6 12. Nf3 Nd7 13. Nc3 a6 14. Nd5 Nc5 15. O-O-O
g6 16. Bg4 Re8 17. Qxh6 Bf8 18. Qh3 Bc8 19. Nh4 Bxg4 20. Qxg4 Bh6+ 21. Kb1 Bg5
22. Nf3 Be7 23. Qh3 a5 24. Qh6 Bf8 25. Qh3 Ne6 26. Nh4 Bg7 27. f4 exf4 28. gxf4
Bxb2 29. Kxb2 Kg7 30. Qg4 Rh8 31. Nxg6 fxg6 32. Qxe6 Re8 33. Qg4 Rh8 34. Rdf1
Rf8 35. f5 g5 36. f6+ Kg6 37. Qf5+ Kh6 38. Rhg1 Nd4 39. Qh3+ Kg6 40. Rxg5+ Kxg5
41. Rg1# 1-0

[Event "Challenge"]
[Site "http://www.queenalice.com/game.php?id=1563303"]
[Date "2019.3.6"]
[Round "-"]
[White "WLAO"]
[Black "michas"]
[Result "1-0"]
[WhiteElo "1586"]
[BlackElo "1743"]

1. Nf3 c5 2. c4 b6 3. d3 Bb7 4. e4 Nc6 5. a3 e6 6. g3 Be7 7. Bg2 d5 8. cxd5 exd5
9. exd5 Qxd5 10. O-O Nd4 11. Nbd2 O-O-O 12. Qa4 Kb8 13. Qd1 Nf6 14. Re1 Rhe8 15.
Re5 Qc6 16. Re3 Ng4 17. Re4 Qg6 18. Re1 Nxf3+ 19. Nxf3 Rxd3 20. Qa4 f5 21. Be3
Nxe3 22. fxe3 h5 23. Ne5 Qd6 24. Nxd3 Qxd3 25. Qxe8+ Qd8 26. Qxd8+ Bxd8 27. Bxb7
Kxb7 28. Rad1 Kc7 29. Rd5 g6 30. Red1 Bg5 31. Rd7+ Kc6 32. Rxa7 Bxe3+ 33. Kg2 b5
34. Rdd7 Kb6 35. Rab7+ Kc6 36. Rbc7+ Kb6 37. Rg7 g5 38. Rc8 c4 39. Rg6+ Kb7 40.
Rcc6 Bd2 41. Rce6 Kc7 42. Re7+ Kd8 43. Rh7 1-0

[Event "AUTO-ADV-4095"]
[Site "http://www.queenalice.com/game.php?id=1564570"]
[Date "2019.3.17"]
[Round "2"]
[White "michas"]
[Black "ernestodn"]
[Result "0-1"]
[WhiteElo "1697"]
[BlackElo "1957"]

1. a3 Nf6 2. b4 g6 3. Bb2 Bg7 4. Nf3 O-O 5. g3 d5 6. Bg2 Nc6 7. Nd4 Ne5 8. Ne6
Bxe6 9. Bxe5 b6 10. b5 a6 11. bxa6 Rxa6 12. Nc3 c6 13. O-O Bg4 14. h3 Bf5 15. g4
Bc8 16. Rb1 Rxa3 17. e3 e6 18. f3 Nd7 19. Bxg7 Kxg7 20. Ne2 e5 21. Qc1 Ra8 22.
c4 dxc4 23. Qb2 Kg8 24. Nc3 b5 25. f4 Bb7 26. fxe5 Nxe5 27. Qb4 Qxd2 28. Nxb5
Qxb4 29. Rxb4 Rab8 30. Nd6 Ba6 31. Rxb8 Rxb8 32. Ne4 Kg7 33. Nc3 Rb3 34. Rc1 Bb5
35. Ne4 Rxe3 36. Kh1 Nf3 37. Nd6 Re1+ 38. Rxe1 Nxe1 39. Be4 Kf6 40. Ne8+ Ke5 41.
Bb1 c3 42. Kg1 c2 43. Bxc2 Nxc2 44. Ng7 c5 45. Ne8 c4 46. Ng7 c3 47. Ne8 Nd4 48.
Nc7 c2 49. Kf2 c1=Q 50. Kg3 Qe1+ 51. Kg2 Qe3 0-1

[Event "AUTO-ADV-4095"]
[Site "http://www.queenalice.com/game.php?id=1564571"]
[Date "2019.3.17"]
[Round "2"]
[White "ernestodn"]
[Black "michas"]
[Result "1-0"]
[WhiteElo "1950"]
[BlackElo "1714"]

1. e4 a6 2. d4 b5 3. c4 Bb7 4. cxb5 axb5 5. d5 e6 6. dxe6 fxe6 7. Bxb5 Bxe4 8.
Nf3 Bb4+ 9. Bd2 Bxd2+ 10. Nbxd2 Bb7 11. O-O Nf6 12. Re1 O-O 13. Qb3 Nd5 14. Nc4
Ne7 15. Bxd7 Nxd7 16. Qxb7 Rb8 17. Qe4 Nf6 18. Qxe6+ Rf7 19. Nce5 Qe8 20. Nxf7
Qxf7 21. Qxf7+ Kxf7 22. Ne5+ Kf8 23. b3 Ned5 24. Rac1 Rb6 25. Rc6 Rxc6 26. Nxc6
Kf7 27. a4 Nd7 28. Ne5+ Nxe5 29. Rxe5 Ne7 30. Rc5 Ke6 31. Rxc7 Kd6 32. Rc4 Kd5
33. a5 Nc6 34. a6 Kd6 35. b4 Na7 36. f4 Kd5 37. Rc7 Nb5 38. Rxg7 Kc4 39. a7 1-0

[Event "AUTO-ADV-4095"]
[Site "http://www.queenalice.com/game.php?id=1564572"]
[Date "2019.3.17"]
[Round "2"]
[White "michas"]
[Black "Fredo"]
[Result "1-0"]
[WhiteElo "1715"]
[BlackElo "2115"]

1. h4 d5 2. h5 e5 3. h6 Nxh6 4. d4 e4 5. Bxh6 gxh6 6. e3 Bf5 7. c4 c6 8. Nc3 Qa5
9. c5 Na6 10. Bxa6 Qxa6 11. Nh3 O-O-O 12. Nf4 Bg7 13. Nh5 Bf8 14. Qb3 Rg8 15. g3
Rg5 16. Nf4 Bg7 17. Rh5 Rxh5 18. Nxh5 Bh8 19. Nf4 Bg6 20. Kd2 Bf6 21. g4 Bg5 22.
Rh1 Bxf4 23. exf4 Qd3+ 24. Ke1 Qf3 25. Rg1 Qxf4 26. Ne2 Qc1+ 27. Nxc1 Re8 28.
Rh1 Re6 29. Rxh6 Kc7 30. Ne2 1-0

[Event "AUTO-ADV-4095"]
[Site "http://www.queenalice.com/game.php?id=1564573"]
[Date "2019.3.17"]
[Round "2"]
[White "Fredo"]
[Black "michas"]
[Result "1-0"]
[WhiteElo "2089"]
[BlackElo "1745"]

1. e4 a6 2. d4 b5 3. Nf3 Bb7 4. Bd3 Nf6 5. Qe2 g6 6. O-O Bg7 7. c3 O-O 8. Bf4
Nh5 9. Be3 Nf6 10. Qc2 e6 11. h3 d6 12. Nbd2 c5 13. e5 dxe5 14. dxe5 Nd5 15. Bg5
f6 16. exf6 Bxf6 17. Bh6 Bg7 18. Bxg7 Kxg7 19. Rae1 Qd7 20. Ne5 Qe7 21. Ndf3 Nf4
22. Be4 Nd5 23. h4 Qd6 24. h5 Rf6 25. hxg6 h6 26. Qc1 Nd7 27. Ng4 Rf4 28. Nfh2
h5 29. g3 Rff8 30. Qh6+ Kg8 31. Qh7# 1-0

[Event "Let's Play Chess!"]
[Site "http://www.queenalice.com/game.php?id=1565815"]
[Date "2019.3.28"]
[Round "-"]
[White "igorjava"]
[Black "michas"]
[Result "1-0"]
[WhiteElo "1986"]
[BlackElo "1707"]

1. e4 b6 2. Nf3 Bb7 3. Nc3 e6 4. d3 Bb4 5. Bg5 Be7 6. Be3 Nf6 7. Be2 O-O 8. a3
c5 9. O-O Qc7 10. Nb5 Qc6 11. c4 a6 12. Nc3 d5 13. cxd5 exd5 14. e5 Nfd7 15. d4
c4 16. Ne1 b5 17. f4 f6 18. Qd2 fxe5 19. fxe5 Rxf1+ 20. Kxf1 b4 21. axb4 Bxb4
22. Nc2 Be7 23. Bf3 Nf8 24. Bxd5+ Qxd5 25. Nxd5 Bxd5 26. Nb4 Bf7 27. d5 Bxb4 28.
Qxb4 Bxd5 29. Qd6 Kh8 30. Qxf8+ Bg8 31. Bd4 h6 32. e6 Kh7 33. Qxg7# 1-0

[Event "# 5"]
[Site "http://www.queenalice.com/game.php?id=1567807"]
[Date "2019.4.20"]
[Round "-"]
[White "michas"]
[Black "E5150"]
[Result "0-1"]
[WhiteElo "1688"]
[BlackElo "2105"]

1. a3 Nf6 2. b4 e6 3. Bb2 a5 4. b5 Be7 5. e3 d5 6. a4 b6 7. g3 O-O 8. Bg2 c5 9.
bxc6 Nxc6 10. Nf3 Ba6 11. d3 Bb4+ 12. c3 Bd6 13. O-O Re8 14. Re1 Qc7 15. d4 Ne4
16. Nbd2 f5 17. Nxe4 fxe4 18. Nd2 e5 19. dxe5 Nxe5 20. Bf1 Bxf1 21. Rxf1 Nd3 22.
Qc2 Rf8 23. Qb3 Qf7 24. Qa2 Rae8 25. Nb3 Qh5 26. Nd4 Rf7 27. Nb5 Ref8 28. Nxd6
Rxf2 29. Rxf2 Nxf2 30. Rf1 Nh3+ 31. Kg2 Rxf1 32. Kxf1 Qf3+ 33. Ke1 Qxe3+ 34. Kd1
Nf2+ 35. Kc2 Qd3+ 36. Kb3 e3 37. Nb5 e2 38. Qa3 e1=Q 39. Qd6 Qc2+ 40. Ka3 Qxb2+
41. Kxb2 Nd3+ 42. Kb3 Nc5+ 0-1

[Event "Let's Play Chess!"]
[Site "http://www.queenalice.com/game.php?id=1567972"]
[Date "2019.4.17"]
[Round "-"]
[White "igorjava"]
[Black "michas"]
[Result "1-0"]
[WhiteElo "1968"]
[BlackElo "1702"]

1. e4 c5 2. Nf3 b6 3. d4 cxd4 4. Nxd4 Bb7 5. Nc3 g6 6. Bc4 e6 7. O-O Bg7 8. Ndb5
Bf8 9. Nd6+ Ke7 10. e5 Qc7 11. Qd4 Nc6 12. Bg5+ f6 13. exf6+ Nxf6 14. Bxf6# 1-0

[Event "Let's Play Chess!"]
[Site "http://www.queenalice.com/game.php?id=1567973"]
[Date "2019.4.17"]
[Round "-"]
[White "michas"]
[Black "igorjava"]
[Result "0-1"]
[WhiteElo "1691"]
[BlackElo "2013"]

1. a3 e5 2. b4 d5 3. Bb2 e4 4. e3 Nf6 5. g3 a6 6. c4 c6 7. c5 Bg4 8. f3 exf3 9.
Nxf3 Be7 10. Bg2 O-O 11. O-O Qd7 12. Qc2 Bh3 13. Ne5 Qe6 14. d4 Bxg2 15. Qxg2
Ne4 16. Nd2 Nxd2 17. Rf2 Ne4 18. Re2 f6 19. Nf3 Nd7 20. Nd2 Nxd2 21. Rxd2 Qxe3+
22. Kh1 Qe4 23. Qxe4 dxe4 24. Re2 f5 25. Rd1 Nf6 26. Re3 Nd5 27. Re2 g5 28. Rf1
Rae8 29. h3 Bd8 30. Rfe1 e3 31. Kg2 f4 32. gxf4 gxf4 33. Kf3 Kh8 34. Rg1 Rg8 35.
Rge1 Bh4 36. Rd1 Rg3# 0-1